Normal view
MARC view
- Sybesma , W
Entry Personal Name
001 - CONTROL NUMBER
- control field: 6059
003 - CONTROL NUMBER IDENTIFIER
- control field: OSt
005 - DATE AND TIME OF LATEST TRANSACTION
- control field: 20240216144631.0
008 - FIXED-LENGTH DATA ELEMENTS
- fixed length control field: 240216|| aca||aabn | a|a d
040 ## - CATALOGING SOURCE
- Original cataloging agency: OSt
- Transcribing agency: OSt
100 ## - HEADING--PERSONAL NAME
- Personal name: Sybesma , W
670 ## - SOURCE DATA FOUND
- Source citation: Work cat.: (OSt)5697: Vander Zijpp, A J . 6058, Improving genetic disease resistance in farm animals / , 1988.
